00927cam a2200277 a 45000010008000000030012000080050017000200080041000370100017000780200015000950400022001100500022001320820019001541000026001732450055001992460023002542500018002772600054002953000033003495000037003825000020004196500028004396500022004678560086004898560074005753550325NUST - PNEC20170116181130.0970425s1996 enka 001 0 eng  a 97144096  a0750625309 aDLCcLIBRARYdDLC00aVM600b.T385 199600a623.87 TAY2211 aTaylor, D. A.,cM.Sc.10aIntroduction to marine engineering /cD.A. Taylor.30aMarine engineering a2nd ed., rev. aOxford ;aBoston :bButterworth Heinemann,c1996. aix, 372 p. :bill. ;c24 cm. a"Revised second edition"--Cover. aIncludes index. 0aMarine engineering.xEE 0aMarine machinery.423Publisher descriptionuhttp://www.loc.gov/catdir/description/els032/97144096.html413Table of contentsuhttp://www.loc.gov/catdir/toc/els032/97144096.html